000 00284nam a2200121Ia 4500
008 240624s9999 xx 000 0 und d
041 _aeng
082 _a004 TAT
100 _aTATA INFOTECH
245 _aCOURSEWARE
260 _aDelhi
_bTata Infotech Ltd
300 _a338 : p. : cm. ; 26
999 _c5374
_d5374